Statistics for Top 100 Serie A 2010s Scorers

Click here to take the quiz!

General Stats

  • This quiz has been taken 44 times
  • The average score is 32 of 100

Answer Stats

Rk Player Main Team Goals % Correct
3Gonzalo HiguaínNapoli117
88%
2Mauro IcardiInter Milan121
84%
5Ciro ImmobileLazio99
84%
13Francesco TottiAS Roma72
84%
7Dries MertensNapoli84
81%
12Paulo DybalaJuventus73
78%
6Edinson CavaniNapoli91
75%
24Edin DžekoAS Roma62
72%
1Antonio Di NataleUdinese136
72%
4Fabio QuagliarellaSampdoria112
72%
28Lorenzo InsigneNapoli58
69%
49Zlatan IbrahimovićAC Milan42
66%
8Marek HamšíkNapoli82
63%
64Mario BalotelliAC Milan36
63%
19Luca ToniHellas Verona66
59%
23Diego MilitoInter Milan62
53%
57Miralem PjanićAS Roma39
53%
30Alejandro GómezAtalanta55
53%
77Mario MandžukićJuventus31
53%
22Duván ZapataAtalanta63
53%
56Carlos TevezJuventus39
50%
68Samuel Eto'oInter Milan35
50%
27José CallejónNapoli60
47%
17Andrea BelottiTorino69
47%
9Rodrigo PalacioInter Milan81
47%
41Antonio CassanoParma46
44%
15Josip IličićFiorentina72
44%
69Juan CuadradoFiorentina34
41%
11Alberto GilardinoFiorentina75
41%
83Simone ZazaSassuolo29
38%
14Giampaolo PazziniSampdoria72
38%
88Arkadiusz MilikNapoli27
38%
10Alessandro MatriJuventus80
38%
33Miroslav KloseLazio55
38%
31Antonio CandrevaLazio55
38%
32Domenico BerardiSassuolo55
34%
65Arturo VidalJuventus35
34%
75Carlos BaccaAC Milan31
34%
85Paul PogbaJuventus28
34%
54Radja NainggolanAS Roma41
34%
34Stephan El ShaarawyAS Roma55
34%
80Claudio MarchisioJuventus30
31%
59Ivan PerišićInter Milan37
31%
87Alexandre PatoAC Milan27
31%
100RobinhoAC Milan25
31%
37Luis MurielSampdoria49
28%
48Manolo GabbiadiniSampdoria42
28%
16Mattia DestroBologna70
28%
67Mohamed SalahAS Roma35
28%
46Marco ParoloLazio43
25%
90Diego PerottiAS Roma26
25%
21Marco BorrielloCagliari65
25%
26ÉderSampdoria60
25%
35Fabrizio MiccoliPalermo52
25%
51Alessio CerciTorino41
25%
74Sebastian GiovincoParma32
22%
99Matteo PolitanoSassuolo25
22%
95Andrea PetagnaSPAL25
22%
45Mirko VučinićAS Roma45
22%
50Marco Di VaioBologna41
22%
62Goran PandevNapoli36
22%
25Sergio PellissierChievo62
22%
36Leonardo PavolettiCagliari51
22%
42Maxi LópezCatania46
19%
18Cyril ThéréauUdinese66
19%
20Germán DenisAtalanta65
19%
44Massimo MaccaroneEmpoli45
19%
29Alberto PaloschiChievo57
19%
78Alessandro DiamantiBologna30
19%
70Roberto IngleseChievo34
19%
58Stevan JovetićFiorentina39
19%
43Iago FalqueTorino45
19%
60Dani OsvaldoAS Roma36
19%
84GervinhoAS Roma28
16%
96Emanuele GiaccheriniBologna25
16%
94Alessandro FlorenziAS Roma25
16%
93SusoAC Milan26
16%
61Gonzalo BergessioCatania36
16%
38Adem LjajićTorino48
16%
66Marco SauCagliari35
16%
72AmauriParma32
16%
73Giovanni SimeoneFiorentina32
16%
81Stefano MauriLazio30
13%
97Felipe AndersonLazio25
13%
39Sergio FloccariLazio48
13%
76Keita BaldéLazio31
13%
89Nicola SansoneSassuolo27
13%
55Grégoire DefrelSassuolo40
9%
47HernanesLazio42
9%
52Antonio Floro FloresUdinese41
9%
71Nikola KalinićFiorentina33
9%
86Senad LulićLazio28
9%
91Emanuele CalaiòSiena26
6%
40Mauricio PinillaCagliari47
6%
53Giacomo BonaventuraAC Milan41
6%
63Khouma BabacarFiorentina36
3%
79Blerim DžemailiNapoli30
0%
98Marco BenassiFiorentina25
0%
82Luca RigoniPalermo29
0%
92Francesco LodiCatania26
0%

Score Distribution

Percentile by Number Answered

Percent of People with Each Score

Your Score History

You have not taken this quiz